Normal view
MARC view
- Supervised by Dr. Shoab Ahmed Khan
Entry Personal Name
001 - CONTROL NUMBER
- control field: 70237
003 - CONTROL NUMBER IDENTIFIER
- control field: NUST
005 - DATE AND TIME OF LATEST TRANSACTION
- control field: 20210628204416.0
008 - FIXED-LENGTH DATA ELEMENTS
- fixed length control field: 210628|| aca||aabn | a|a d
040 ## - CATALOGING SOURCE
- Original cataloging agency: NUST
- Transcribing agency: NUST
100 ## - HEADING--PERSONAL NAME
- Personal name: Supervised by Dr. Shoab Ahmed Khan
670 ## - SOURCE DATA FOUND
- Source citation: Work cat.: (NUST): Wasim Pervez 70235, TH-SOF-1418-Optimal Parameter Selection for High Accuracy Area Classification in Hyper spectral and Landsat-8 Imagery with Seasonal Change Detection, 2017
